Vista normal
Vista MARC
Entrada Nombre personal
Número de registros utilizados en: 9
001 - NÚMERO DE CONTROL
- campo de control: 66970
003 - IDENTIFICADOR DEL NÚMERO DE CONTROL
- campo de control: BNPHU
005 - FECHA Y HORA DE LA ÚLTIMA TRANSACCIÓN
- campo de control: 20240305123708.0
008 - DATOS DE LONGITUD FIJA
- campo de control de longitud fija: 200615|| aca||aabn | a|a d
040 ## - FUENTE DE LA CATALOGACIÓN
- Centro catalogador/agencia de origen: DO-SdBNP
- Lengua de catalogación: spa
- Centro/agencia transcriptor: BNPHU
- Normas de descripción: rda
100 1# - ENCABEZAMIENTO-NOMBRE DE PERSONA
- Nombre de persona: Borrell B., Pedro J.,
- Fechas asociadas al nombre: 1944-
370 ## - LUGAR ASOCIADO
- Lugar de nacimiento: Puerto Plata, República Dominicana
374 ## - OCUPACIÓN
- Ocupación: Arquitectura
375 ## - GÉNERO/SEXO
- Género/Sexo: Masculino
377 ## - LENGUA/LENGUAJE ASOCIADO
- Código del idioma: spa
400 1# - TRAZADO DE VÉASE--NOMBRE DE PERSONA
- Nombre de persona: Bentz, Pedro J. Borrell
400 1# - TRAZADO DE VÉASE--NOMBRE DE PERSONA
- Nombre de persona: Borrell, Pedro
400 1# - TRAZADO DE VÉASE--NOMBRE DE PERSONA
- Nombre de persona: Borrell, Pedro J.
400 1# - TRAZADO DE VÉASE--NOMBRE DE PERSONA
- Nombre de persona: Borrell Bentz, Pedro J.
670 ## - FUENTE DE DATOS ENCONTRADOS
- Cita de la fuente: Work cat.: (OSt)40113: Borrell B., Pedro J., Arqueología submarina en la República Dominicana /, 1983.
